| 000 | 01063nam a2200265 a 4500 | ||
|---|---|---|---|
| 003 | DO-SdBNP | ||
| 005 | 20240307073949.0 | ||
| 007 | ta | ||
| 008 | 220617e2008 dr ac||gr|||| 000 s spa d | ||
| 040 |
_aDO-SdBNP _bspa _cBNPHU |
||
| 082 | 4 |
_222 _bU58s |
|
| 110 | 1 |
_aUniversidad Autónoma de Santo Domingo _972951 |
|
| 245 | 1 | 0 |
_aVII jornada de investigación científica 2008 _cPresentación, María Josefina Copplind |
| 246 | 1 | _aSeptima jornada de investigación científica 2008: | |
| 246 | 4 |
_aVII jornada de investigación científica 2008: _blibro de resúmenes |
|
| 260 |
_aSanto Domingo : _bUniversitaria, UASD, _c2008 |
||
| 300 |
_a120 p. : _bil., retr. ; _c21 cm. |
||
| 590 | _aInventariado 2022 / MF | ||
| 650 | 4 |
_979816 _aDiscursos _xUniversidad Autónoma de Santo Domingo _yRepública Dominicana |
|
| 651 | 4 |
_973979 _aRepública Dominicana _xEducación Superior |
|
| 651 | 4 |
_932494 _aRepública Dominicana _xEducación superior _xInvestigación Científica |
|
| 700 | 1 |
_aCopplind, María Josefina _epres. _981876 |
|
| 910 | _aMFeliz | ||
| 942 |
_2ddc _cLBS1 |
||
| 999 |
_c52064 _d52064 |
||